Bernstein's Mahler : great movements from Symphonies nos. 1 to 9 /

Bibliographic Details
Corporate Authors: Wiener Philharmoniker (Performer), London Symphony Orchestra (Performer), Edinburgh Festival Chorus (Performer), Konzertvereinigung Wiener Staatsopernchor (Performer), Wiener Sängerknaben (Performer), Wiener Singverein (Performer), Unitel Film- und Fernsehproduktionsgesellschaft mbH (Producer), Amberson Productions (Producer)
Other Authors: Burton, Humphrey, 1931- (Director), Bernstein, Leonard, 1918-1990 (Conductor), Armstrong, Sheila (Vocalist), Baker, Janet, 1933- (Vocalist), Ludwig, Christa (Vocalist), Moser, Edda (Vocalist), Blegen, Judith (Vocalist), Zeumer, Gerti (Vocalist), Mayr-Kuschee, Ingrid (Vocalist), Baltsa, Agnes (Vocalist), Riegel, Kenneth (Vocalist), Prey, Hermann, 1929-1998 (Vocalist), Dam, José van (Vocalist), Mahler, Gustav, 1860-1911
Format: Video DVD
Language:German
Latin
Language Notes:The 2nd-3rd works sung in German, the 8th in Latin; with optional subtitles in English, French, German, Chinese or Latin (8th work only).
Published: Hamburg : Deutsche Grammophon, [2010]
Subjects:

MARC

Tag First Indicator Second Indicator Subfields
LEADER 00000cgm a2200000Ia 4500
001 in00002701310
005 20151222091427.0
007 vd cvaizk
008 101102p20101971gw 128 vlger d
024 1 |a 044007345894 
028 4 2 |a 00440 07304589  |b Deutsche Grammophon 
033 2 0 |a 197204--  |a 197610--  |b 6494  |c V4 
033 0 0 |a 197103--  |b 6299  |c B3 
035 |a (OCoLC)ocn676830571 
035 |a (OCoLC)676830571 
040 |a TXI  |c TXI  |d OCLCA  |d TXA  |d UtOrBLW 
041 0 |a ger  |a lat  |j chi  |j eng  |j fre  |j ger  |j lat  |g eng  |g fre  |g ger 
047 |a sy 
048 |a oa 
048 |a ca  |a oa 
049 |a TXAM 
050 4 |a M1001.M21  |b B47 2010 
090 |a M1001.M23  |b B47 2010 
245 0 0 |a Bernstein's Mahler :  |b great movements from Symphonies nos. 1 to 9 /  |c directed by Humphrey Burton ; a production of Unitel GmbH & Co. in association with Amberson Productions. 
246 3 0 |a Mahler, great movements from Symphonies nos. 1 to 9 
246 3 0 |a Great movements from Symphonies nos. 1 to 9 
264 1 |a Hamburg :  |b Deutsche Grammophon,  |c [2010] 
264 4 |c ©2010 
300 |a 1 videodisc (128 min.) :  |b sound, color ;  |c 4 3/4 in. +  |e 1 booklet. 
336 |a two-dimensional moving image  |b tdi  |2 rdacontent 
337 |a video  |b v  |2 rdamedia 
338 |a videodisc  |b vd  |2 rdacarrier 
538 |a DVD; region code: 0; NTSC; 4:3 picture format; PCM stereo. or DTS 5.1 audio. 
546 |a The 2nd-3rd works sung in German, the 8th in Latin; with optional subtitles in English, French, German, Chinese or Latin (8th work only). 
511 0 |a Wiener Philharmoniker (no. 1, nos. 3-9), London Symphony Orchestra (no. 2) ; Leonard Bernstein, conductor. 
508 |a DVD producers, David Butchart, Harald Gericke. 
518 |a Filmed Oct. 1974 (no. 1) and Aug.-Sept. 1975 (no. 8) at Konzerthaus, Vienna; Sept. 1973 at Ely Cathedral (no. 2); April-May 1972 (no. 3-5), Oct. 1976 (no. 6), Oct. 1974 (no. 7) at Musikvereinssaal, Vienna; and March 1971 at Philharmonie, Berlin (no. 9). 
500 |a Program notes in English with German and French translations (7 pages : port.) inserted in container. 
505 0 |a Symphony no. 1 : "Titan." I, Langsam-Schleppend-Wie ein Naturlaut-Im Anfang sehr gemächlich (16:25) -- Symphony no. 2 : "Resurrection." IV, Urlicht-Sehr feierlich, aber schlicht "O Röschen rot!" (Sheila Armstrong, soprano ; Janet Baker, mezzo-soprano ; Edinburgh Festival Chorus) (5:44) -- Symphony no. 3. V, Lustig im Tempo und keck im Ausdruck "Es sungen drei Engel einen süssen Gesang" (Christa Ludwig, contralto ; Konzertvereinigung Wiener Staatsopernchor ; Wiener Sängerknaben) (4:20) -- Symphony no. 4. II, In gemächlicher Bewegung-Ohne Hast (9:57) -- Symphony no. 5. IV, Adagietto-Sehr langsam (12:20) -- Symphony no. 6. II, Scherzo-Wuchtig (13:13) -- Symphony no. 7. IV, Nachtmusik II-Andante amoroso (14:41) -- Symphony no. 8 : "Symphony of a thousand." Part I, Hymnus "Veni creator spiritus" (Edda Moser, Judith Blegen, Gerti Zeumer, sopranos ; Ingrid Mayr, Agnes Baltsa, contraltos ; Kenneth Riegel, tenor ; Hermann Prey, baritone ; José van Dam, bass ; Konzertvereinigung Wiener Staatsopernchor ; Singverein der Gesellschaft der Musikfreunde ; Wiener Sängerknaben) (24:21) -- Symphony no. 9. IV, Adagio-Sehr langsam und noch zurückhaltend (26:18). 
500 |a Videorecording. 
650 0 |a Symphonies  |v Excerpts. 
650 0 |a Choruses, Secular (Mixed voices) with orchestra. 
655 7 |a Concert films.  |2 lcgft 
655 7 |a Filmed performances.  |2 lcgft 
655 7 |a Nonfiction films.  |2 lcgft 
700 1 |a Burton, Humphrey,  |d 1931-  |e director. 
700 1 |a Bernstein, Leonard,  |d 1918-1990,  |e conductor. 
700 1 |a Armstrong, Sheila,  |e vocalist. 
700 1 |a Baker, Janet,  |d 1933-  |e vocalist. 
700 1 |a Ludwig, Christa,  |e vocalist. 
700 1 |a Moser, Edda,  |e vocalist. 
700 1 |a Blegen, Judith,  |e vocalist. 
700 1 |a Zeumer, Gerti,  |e vocalist. 
700 1 |a Mayr-Kuschee, Ingrid,  |e vocalist. 
700 1 |a Baltsa, Agnes,  |e vocalist. 
700 1 |a Riegel, Kenneth,  |e vocalist. 
700 1 |a Prey, Hermann,  |d 1929-1998,  |e vocalist. 
700 1 |a Dam, José van,  |e vocalist. 
700 1 2 |a Mahler, Gustav,  |d 1860-1911.  |t Symphonies,  |n no. 1,  |r D major.  |p Langsam. 
700 1 2 |a Mahler, Gustav,  |d 1860-1911.  |t Symphonies,  |n no. 2,  |r C minor.  |p Urlicht. 
700 1 2 |a Mahler, Gustav,  |d 1860-1911.  |t Symphonies,  |n no. 3,  |r D minor.  |p Es sungen drei Engel einen süssen Gesang. 
700 1 2 |a Mahler, Gustav,  |d 1860-1911.  |t Symphonies,  |n no. 4,  |r G major.  |p In gemächlicher Bewegung. 
700 1 |a Mahler, Gustav,  |d 1860-1911.  |t Symphonies,  |n no. 5,  |r C♯ minor.  |p Adagietto. 
700 1 2 |a Mahler, Gustav,  |d 1860-1911.  |t Symphonies,  |n no. 6,  |r A minor.  |p Scherzo. 
700 1 2 |a Mahler, Gustav,  |d 1860-1911.  |t Symphonies.  |n No. 7,  |p Nachtmusik.  |n No. 2. 
700 1 2 |a Mahler, Gustav,  |d 1860-1911.  |t Symphonies,  |n no. 8,  |r E♭ major.  |p Hymnus. 
700 1 2 |a Mahler, Gustav,  |d 1860-1911.  |t Symphonies.  |n No. 9,  |p Adagio. 
710 2 |a Wiener Philharmoniker,  |e performer. 
710 2 |a London Symphony Orchestra,  |e performer. 
710 2 |a Edinburgh Festival Chorus,  |e performer. 
710 2 |a Konzertvereinigung Wiener Staatsopernchor,  |e performer. 
710 2 |a Wiener Sängerknaben,  |e performer. 
710 2 |a Wiener Singverein,  |e performer. 
710 2 |a Unitel Film- und Fernsehproduktionsgesellschaft mbH.,  |e producer. 
710 2 |a Amberson Productions,  |e producer. 
710 2 |a Deutsche Grammophon (Firm),  |e publisher. 
740 0 |a Titan. 
740 0 |a Resurrection. 
740 0 |a Symphony of a thousand. 
936 |a PR 655187240 
994 |a C0  |b TXA 
948 |a cataloged  |b h  |c 2011/8/22  |d c  |e blrosas  |f 11:02:21 am 
999 |a MARS 
999 f f |s 21e1fb22-9393-3853-bef2-ce5e0b883c6f  |i e2e80092-0892-34c6-af08-f055e9f15d48  |t 0 
952 f f |p dvd  |a Texas A&M University  |b College Station  |c Sterling C. Evans Library  |d Evans: Media and Reserves (Annex 1st floor)  |t 0  |e M1001.M23 B47 2010  |h Library of Congress classification  |i video -- videodisc  |m A14841134548 
998 f f |a M1001.M23 B47 2010  |t 0  |l Evans: Media and Reserves (Annex 1st floor)